| 000 | 00550cam a2200205ua 4500 | ||
|---|---|---|---|
| 001 | 11534 | ||
| 005 | 20260515114750.0 | ||
| 008 | 190930n ii |||gr||||Z||||||asm | ||
| 020 | _a8173392315 | ||
| 040 | _cMAIN | ||
| 082 | _a891.4512 | ||
| 100 |
_aKesavananda Dev Goswami, _eEditor., |
||
| 245 |
_aAnkamala _cEdited by Kesavananda Dev Goswami |
||
| 250 | _a4th ed. | ||
| 260 |
_aGuwahati: _bBanalata , _c2014. |
||
| 300 | _a351p. | ||
| 653 | _aEast Indo-European & Celtic literatures | ||
| 653 | _aOld Assamese dramatic writings | ||
| 942 | _cBK | ||
| 999 |
_c10343 _d10343 |
||